000 01022nam a2200289 4500
003 OSt
005 20240221085421.0
008 240220s2009 xxla|||f |||| 001 0 spa d
020 _a9781405362443
040 _erda
_cCHAP
082 0 0 _222
_a709.04052
_bA78
245 0 0 _aArte:
_bla guía visual definitiva 1945- Actualidad Expresionismo Abstracto, Minimalismo, Pop Art, OP Art y Arte Cinético /
_cedición de arte Senior Vivienne Brar y Mandy Earey
264 1 _aLondres:
_bDorling Kindresley,
_c2009.
300 _a88 páginas :
_bIlustraciones
336 _2rdacontent
_atexto
_btxt
337 _2rdamedia
_asin medio
_bn
338 _2rdacarrier
_avolumen
_bnc
500 _aObra ilustrada
504 _aIncluye índice
534 _pTítulo original:
_tArt: The Definitive Visual Guide
650 4 _9188814
_aExpresionismo abstracto
650 4 _9188815
_aArte minimal
700 1 _9188758
_aBrar, Vivienne
_eEditor de arte
700 1 _9188759
_aEarey, Mandy
_eEditor de arte
942 _2ddc
942 _cLIBRO
999 _c219730
_d219730